000 01512nab a22002297a 4500
999 _c5463
_d5463
003 OSt
005 20251113113138.0
008 190604e xxu||||| |||| 00| 0 spa d
040 _cPJ
100 _96466
_aCardoso, Nicolás E.
245 1 3 _aEl decreto 149/2025 PEN. Implicaciones en la negociación colectiva y su compatibilidad con la doctrina de la OIT /
_cNicolás E. Cardoso.
260 _aCiudad Autónoma de Buenos Aires :
_bThomson Reuters La Ley,
_c2025.
300 _ap. 60-64
500 _aCita Online: TR LALEY AR/DOC/864/2025.
505 _tSumario: I. Introducción.— II. Los aportes solidarios en la doctrina de la OIT.— III. La doctrina de la OIT sobre la negociación colectiva libre y voluntaria.— IV. La doctrina de la OIT respecto a los principios generales de la intervención de las autoridades públicas en la negociación colectiva.— V. La doctrina de la OIT respecto a intervenciones administrativas que suspenden convenios colectivos o que imponen su renegociación.— VI. El dec. 149/2025 PEN y sus puntos de tensión con la doctrina de la OIT.— VII. Conclusiones.
505 _t¿Te interesa el texto completo? Solicitalo al correo: koha@justierradelfuego.gov.ar
650 0 _91316
_aDERECHO LABORAL
650 0 _91367
_aASOCIACIONES SINDICALES
650 0 _91346
_aNEGOCIACION COLECTIVA
773 0 _02714
_93171
_dCiudad Autónoma de Buenos Aires : Thomson Reuters La Ley, 2014-
_tRevista anales de legislación argentina. Nº 6 - Junio 2025.
942 _2udc
_cANA